=LDR 00000nam 2200000 4500 =001 INLIS000000000024138 =005 20130612122737 =008 ***********************************ind** =035 ##$$0010-061300000024138 =041 ##$$a ind =082 ##$$a 028 =090 ##$$a 028, RED m =100 ##$$a Redway, Kathryn M =245 ##$$a Membaca Cepat, Kathryn M. Redway =260 ##$$a Pustaka Binaman Pressindo $b Jakarta =300 ##$$a xvii, 148 hlm., 21 cm =650 ##$$a Membaca Cepat =850 ##$$a NBPNMAT